UK Birds - Statistics

General Stats
  • This quiz has been taken 225 times
    16 since last reset
  • The average score is 8 of 15
Answer Stats
Hint Answer % Correct
Well known for laying eggs in other birds nests Cuckoo
100%
The rarest type of Dove, known as a symbol of love and peace Turtle Dove
92%
The most populous bird in the UK Wren
85%
The second smallest bird in the UK behind the Kinglets (Goldcrest and Firecrest) Wren
85%
Fluffy white chest, vertically scales trees Treecreeper
77%
A type of warbler named after a place in the south of the UK Dartford Warbler
62%
Closely related to herons and egrets, quite rare across the country Bittern
54%
The rarest type of Falcon in the UK, brightly coloured feet Red-Footed Falcon
54%
Lives in the woodlands of northern Scotland, close to extinction Capercaillie
46%
A type of crow that lives primarily along the coast Chough
46%
The only aquatic songbird in the UK Dipper
38%
Very small bird, runs along the coastline, closely related to the Curlew Sanderling
38%
A type of Petrel, looks very similar to a gull Fulmar
31%
A known escapee duck, native to South America, usually white and dark green Muscovy Duck
23%
Wader often confused with a Dunlin as they are similar in appearance Temminck's Stint
0%
No matching quizzes found
Score Distribution
Percent of People with Each Score
Percentile by Number Answered
Your Score History
You have not taken this quiz since the last reset